000 00617nam a22002297a 4500
003 DO-SdBNP
005 20230315094232.0
007 ta
008 230315b2006 dr ||||| |||| 00| 0 spa d
040 _aDO-SdBNP
_bspa
_cBNPHU
041 _hspa
082 4 _a238
_2M678c, 2006
_b22
245 _aCatecismo del pueblo de Dios
260 _aSanto Domingo :
_bMSC,
_c2006.
300 _a108 p. ;
_c21 cm.
500 _aIncluye índice
590 _aInventariado, 2023/BT
650 4 _aIglesia católica
_xCatecismos y credos
_981384
650 4 _aIglesia católica
_91307
910 _aBtavárez
942 _2ddc
_cLBS1
999 _c53147
_d53147